000 00515nam a2200205Ia 4500
001 15135
003 GE_BSU
008 181216s||||||||xx |||||||||||||| ||und||
040 _cGE_BSU
080 _a510.22
100 _aВиленкин,Н.Я.
245 _aРассказы о множествах
245 _cРед.Р.С.Гутер
260 _aМосква
260 _bНаука
260 _c1965
300 _a127стр.20см.
653 _aРассказы о множествах
942 _cBK
999 _c48251
_d48251